| 000 | 01445cam a22003014a 4500 | ||
|---|---|---|---|
| 001 | 17154453 | ||
| 003 | ARRUPE | ||
| 005 | 20140401020010.0 | ||
| 008 | 120208s2012 dcu b 001 0 eng | ||
| 010 | _a 2012003185 | ||
| 020 | _a9780813219899 (cloth : alk. paper) | ||
| 040 |
_aDLC _cDLC _dDLC |
||
| 042 | _apcc | ||
| 050 | 0 | 0 |
_aBT135 _b.D63 2012 |
| 100 | 1 |
_aDodds, Michael J. _99281 |
|
| 245 | 1 | 0 |
_aUnlocking divine action : _bcontemporary science & Thomas Aquinas / _cMichael J. Dodds. |
| 260 |
_aWashington, D.C. : _bCatholic University of America Press, _cc2012. |
||
| 300 |
_axii, 311 p. ; _c24 cm. |
||
| 504 | _aIncludes bibliographical references (p. 267-301) and indexes. | ||
| 505 | 0 | _aCausality in Aquinas -- Causality locked and unlocked in empirical science -- Locking divine action in modern science -- Unlocking divine action through the new theories of contemporary science -- Unlocking divine action through the new causality of contemporary science -- Divine action and the causality of creatures -- Providence, prayer, and miracles. | |
| 600 | 0 | 0 |
_aThomas, _cAquinas, Saint, _d1225?-1274. _99282 |
| 650 | 0 |
_aProvidence and government of God _xChristianity. _99283 |
|
| 650 | 0 |
_aCausation. _99284 |
|
| 650 | 0 |
_aReligion and science. _99285 |
|
| 906 |
_a7 _bcbc _corignew _d1 _eecip _f20 _gy-gencatlg |
||
| 942 |
_2lcc _cMONOGRAPH _01 |
||
| 999 |
_c120259 _d120259 |
||